Particulars and conditions of sale of very eligible long leasehold premises situate in the most preferable part of The Quadrant having the advantage of two fronts being no. 88 on the north side, the corner of Vine Street, which will be sold by auction by Mr J. Smith at the Auction Mart opposite the Bank of England on Thursday the 4th of March 1924 at twelve o'clock (Record no. 116633)

MARC details
000 -LEADER
fixed length control field 00852cam a22001935a 4500
001 - CONTROL NUMBER
control field L141162
008 - FIXED-LENGTH DATA ELEMENTS--GENERAL INFORMATION
fixed length control field 071031s1824 xxk eng u
035 ## - SYSTEM CONTROL NUMBER
System control number (Sirsi) u141162
041 0# - LANGUAGE CODE
Language code of text/sound track or separate title eng
100 1# - MAIN ENTRY--PERSONAL NAME
Personal name Smith, J.
245 00 - TITLE STATEMENT
Title Particulars and conditions of sale of very eligible long leasehold premises situate in the most preferable part of The Quadrant having the advantage of two fronts being no. 88 on the north side, the corner of Vine Street, which will be sold by auction by Mr J. Smith at the Auction Mart opposite the Bank of England on Thursday the 4th of March 1924 at twelve o'clock
260 ## - PUBLICATION, DISTRIBUTION, ETC.
Place of publication, distribution, etc. S.l.
Name of publisher, distributor, etc. s.n.
Date of publication, distribution, etc. [1824]
300 ## - PHYSICAL DESCRIPTION
Extent 1 sheet
Dimensions 32 x 20 cm.
340 ## - PHYSICAL MEDIUM
Material base and configuration Printed
351 ## - ORGANIZATION AND ARRANGEMENT OF MATERIALS
Hierarchical level Single item
651 4# - SUBJECT ADDED ENTRY--GEOGRAPHIC NAME
Geographic name London
690 ## - LOCAL SUBJECT ADDED ENTRY--TOPICAL TERM (OCLC, RLIN)
Topical term or geographic name as entry element PROPERTY-PROPERTY ACQUISITION AND DISPOSAL-ACQUISITION AND DISPOSAL AT AUCTION
942 ## - ADDED ENTRY ELEMENTS (KOHA)
Suppress in OPAC 0
Holdings
Withdrawn status Lost status Source of classification or shelving scheme Damaged status Not for loan Home library Current library Shelving location Date acquired Total Checkouts Full call number Barcode Date last seen Copy number Price effective from Koha item type
    Dewey Decimal Classification     London London Basement 31/10/2007   BASEMENT BOX 5 141162-1001 06/08/2019 1 06/08/2019 Archive